banner koha

Avaliacao de populacoes de plantas de milho e de arranjos especiais no consorcio com o feijao (Phaseolus vulgaris L.)[Zea mays; Producao vegetal; Brasil] (Registro n. 273580)

MARC details
000 -LÍDER
campo de controle de tamanho fixo 01190nac a22002897a 4500
001 - NÚMERO DE CONTROLE
campo de controle BR8200058
003 - IDENTIFICADOR DO NÚMERO DE CONTROLE
campo de controle BR-BrBNA
005 - DATA E HORÁRIO DA ÚLTIMA TRANSAÇÃO
campo de controle 20240105115206.0
008 - CAMPO DE DADOS FIXOS--INFORMAÇÃO GERAL
campo de controle de tamanho fixo 230509b bl.|||m| |||| 00| 0 por d
040 ## - FONTE DA CATALOGAÇÃO
Instituição da catalogação original BR-BrBNA
Idioma da catalogação por
Instituição que transcreveu o registro Biblioteca Nacional de Agricultura
072 ## - CÓDIGO DE CATEGORIA DE ASSUNTO
Código de Categoria de Assunto F00
090 ## - NÚMERO DE CHAMADA LOCAL
Número de chamada 0120 BR8200058
100 1# - ENTRADA PRINCIPAL--NOME PESSOAL
Nome pessoal Serpa, J.E.S.
100 1# - ENTRADA PRINCIPAL--NOME PESSOAL
Nome pessoal Barreto, A.C.
110 1# - ENTRADA PRINCIPAL--NOME CORPORATIVO
Nome corporativo ou nome da jurisdição Unidade de Execucao de Pesquisa de Ambito Estadual de Aracaju, SE (Brasil)
9 (RLIN) 10344
245 1# - TÍTULO
Título Avaliacao de populacoes de plantas de milho e de arranjos especiais no consorcio com o feijao (Phaseolus vulgaris L.)[Zea mays; Producao vegetal; Brasil]
246 1# - FORMA VARIANTE DO TÍTULO
Título/título abreviado [Evaluation of maize plant populations and special arrangements in association with beans (Phaseolus vulgaris L.)[Zea mays; Plant production; Brazil]]
260 3# - PUBLICAÇÃO, DISTRIBUIÇÃO, ETC.
Local de publicação, distribuição, etc. Aracaju, SE (Brasil):
Data da publicação, distribuição, etc. 1981.
300 ## - DESCRIÇÃO FÍSICA
Extensão 7 p.
490 ## - TÍTULO DA SÉRIE
Título da série Comunicado Tecnico - Unidade de Execucao de Pesquisa de Ambito Estadual de Aracaju (Brazil)
Número do volume ou designação sequencial da série no. 5
ISSN - International Standard Serial Number ISSN 0100-4867
650 ## - ASSUNTO--TERMO TÓPICO
Cabeçalho tópico ou nome geográfico Producao vegetal
650 ## - ASSUNTO--TERMO TÓPICO
Cabeçalho tópico ou nome geográfico Milho
650 ## - ASSUNTO--TERMO TÓPICO
Cabeçalho tópico ou nome geográfico Feijao
650 ## - ASSUNTO--TERMO TÓPICO
Cabeçalho tópico ou nome geográfico Consorciacao de cultura
909 ## -
-- 202312
-- Lúcia Elande
-- 55
-- Lúcia Elande
942 ## - ELEMENTOS DE ENTRADA ADICIONADOS (KOHA)
Fonte da classificação ou esquema de arquivamento na estante Classificação AGRIS
Ocultar no OPAC Não
Tipo de material Koha Monografia Seriada
Exemplares
Situação do descarte Fonte da classificação ou esquema de arquivamento na estante Situação física Não pode ser emprestado Coleção Biblioteca de origem Biblioteca atual Localização na estante Total de empréstimos Número de telefone completo Código de barras Data de último acesso Tipo de material Koha Fonte de aquisição
  Classificação AGRIS       Biblioteca Nacional de Agricultura - Binagri Biblioteca Nacional de Agricultura - Binagri Agrobase - Acervo Geral   0120 BR8200058 0120 BR8200058 18/12/2023 Monografia Seriada Portaria Interministerial nº 164/94

BINAGRI

Telefone: (61)3218-2567/2388/3357/2097 - binagri@agro.gov.br

Ministério da Agricultura e Pecuária , Esplanada dos Ministérios, Bloco D, Anexo B, Brasília/DF, CEP: 70.043-900